000 01156nam a2200301 4500
005 20240530110413.0
008 150225s2012 ua g b 000 0aara d
017 _a21646/2011
_bمصر . دار الكتب المصرية
020 _a9789773503662
040 _aEG-CaGPL
041 0 _aara
082 0 4 _221
_a953.07392\
_bع غ
100 0 _aعلى محمد محمد
245 1 2 _aالغزو الصليبى فى عهد الدولة الزنكية /
_cتاليف على محمد محمد
250 _aط1
260 _aالقاهرة :
_bدار الكتاب الحديث ،
_c2012
300 _a574 ص ؛
_c24 سم
490 0 _aموسوعة تاريخ العصور الوسطى و الحروب الصليبية
504 _aببليوجرافية : ص 543 - 555
600 0 4 _aعمادالدين زنكى
600 0 4 _aنورالدين زنكى
600 0 4 _aالامام عبدالقادر الجيلانى
650 0 4 _aالدولة الزنكية
_xتاريخ
650 0 4 _aالدولة الايوبية
_xتاريخ
650 0 4 _aالحروب الصليبية
942 _2ddc
_cBK
999 _c60499
_d60499